000 00696nam a22002177a 4500
003 0
005 20250915151630.0
008 250915b xxu||||| |||| 00| 0 eng d
020 _a978-93-48196-81-1
050 _aQA 76.9.A25
_b.S56 2025
100 _aSingh, Sanjay,
_eauthor.
245 _aHacking multifactor authentication /
_cSanjay Singh.
250 _aFirst edition.
260 _aNew Delhi, India :
_bVenus Books,
_c2025.
300 _axi, 264 pages :
_billustrations ;
_c24 cm.
504 _aIncludes bibliographical references and index.
650 _aComputer security.
650 _aAuthentication (Computer security).
650 _aMultifactor authentication.
942 _2lcc
_cBK
999 _c367958
_d367958